000 00731cam a2200229 i 4500
001 2248395
005 20250214133433.0
008 770721s1978 nyu 001 0 eng
020 _a0070503621 :
_c$11.95
050 0 0 _aHF5721
_b.P6 1978
100 1 _aPoe, Roy W.,
_d1915-
245 1 0 _aBusiness communication :
_ba problem-solving approach /
_cRoy W. Poe, Rosemary T. Fruehling.
250 _a2d ed.
260 _aNew York :
_bGregg Division, McGraw-Hill,
_cc1978.
300 _aix, 358 p. ;
_c25 cm.
500 _aIncludes index.
650 0 _aCommercial correspondence.
650 0 _aBusiness writing.
650 0 _aBusiness communication.
700 1 _aFruehling, Rosemary T.,
_d1933-
_ejoint author.
942 _2lcc
_cBK
_n0
999 _c3864
_d3864